Spectroscopy of flames (Record no. 22414)

MARC details
000 -LEADER
fixed length control field 00261nam a2200109Ia 4500
082 ## - DEWEY DECIMAL CLASSIFICATION NUMBER
Classification number 535.343
Item number GAY
100 ## - MAIN ENTRY--AUTHOR NAME
Personal name Gaydon, A G
245 #0 - TITLE STATEMENT
Title Spectroscopy of flames
260 ## - PUBLICATION, DISTRIBUTION, ETC. (IMPRINT)
Place of publication London
Name of publisher Chapman
Year of publication 1957
942 ## - ADDED ENTRY ELEMENTS (KOHA)
Koha item type Books
Holdings
Withdrawn status Lost status Damaged status Not for loan Home library Current library Date acquired Cost, normal purchase price Full call number Accession Number Koha item type
        RRII Library RRII Library 16/12/2021 50.00 535.343 GAY 03134 Books